Detalles MARC
| 000 -LIDER |
| fixed length control field |
01853nam a2200325 a 4500 |
| 001 - NÚMERO DE CONTROL |
| Identificador de número de control |
000000088 |
| 003 - IDENTIFICACDOR DE NÚMERO DE CONTROL |
| control field |
DO-SdBNP |
| 005 - DATE AND TIME OF LATEST TRANSACTION |
| control field |
20221101082342.0 |
| 008 - ELEMENTOS DE LONGITUD FIJA |
| fixed length control field |
090122s1991 dr a 001 0 spa d |
| 040 ## - FUENTE DE CATALOGACIÓN |
| Agencia que crea de manera original el registro |
DO-SdBNP |
| Idioma de catalogación |
spa |
| Agencia que realiza la transcripción |
BPMSU |
| 082 #4 - NÚMERO DE CLASIFICACIÓN DECIMAL DE DEWEY |
| Classification number |
338.642 |
| Item number |
P849c, 1991 |
| Edition number |
22 |
| 100 1# - ASIENTO PRINCIPAL -- NOMBRE PERSONAL |
| Nombre personal |
Portes, Alejandro |
| 240 10 - TITULO UNIFORME |
| Idioma de una obra |
español |
| 245 10 - MENCIÓN DE TITULO |
| Título |
Capitalistas del trópico : |
| Subtítulo |
la inmigración en los Estados Unidos y el desarrollo de la pequeña empresa en la República Dominicana / |
| Mención de responsabilidad |
Alejandro Portes, Luis Guarnizo ; Rosa Inés Bueno, traducción. |
| 250 ## - MENCIÓN DE EDICION |
| Mención de edición |
2a ed. |
| 260 ## - PUBLICACIÓN, DISTRIBUCIÓN, ETC. (PIE DE IMPRENTA) |
| Lugar de publicación, distribución, etc |
Santo Domingo : |
| Nombre del editor, distribuidor, etc. |
FLASCO, |
| Fecha de publicación, distribución, etc |
1991. |
| 300 ## - DESCRIPCIÓN FÍSICA |
| Extensión |
117 p. : |
| Otros detalles físicos |
il. ; |
| Dimensiones |
22 cm. |
| 500 ## - NOTA GENERAL |
| Materiales especificados |
Incluye referencias bibliográficas y notas al pie de las páginas |
| 505 0# - NOTA DE CONTENIDO |
| Texto normalizado de contenido |
Prólogo --- |
| Título |
Prefacio a la edición en español - |
| -- |
I. Generalidades: la inmigración y sus tipos -- |
| -- |
II. Teorías sobre migración y desarrollo -- |
| -- |
III. La inmigración dominicana -- |
| -- |
IV. La economía dominicana en los ochenta -- |
| -- |
V. Metodología -- |
| -- |
VI. La comunidad inmigrante dominicana de New York: hallazgos preliminares -- |
| -- |
VII. Empresas dominicanas vinculadas con la migración: perfil de la muestra -- |
| -- |
VIII. La comunidad inmigrante y el desarrollo de la pequeña empresa dominicana -- |
| -- |
IX. Conclusiones. |
| 534 ## - NOTA SOBRE LA VERSIÓN ORIGINAL |
| Asiento principal del original |
Título original : |
| Mención del título original |
Tropical capitalists : U. S. -bound immigration and small-enterprise development in the Dominican Republic |
| 590 ## - NOTA LOCAL |
| Texto de la nota local |
Inventariado,2022/VM |
| 650 #4 - ENCABEZAMIENTO DE MATERIA--TEMÁTICO |
| Término temático o nombre geográfico como elemento de entrada |
Pequeña y mediana empresa |
| Subdivisión geográfica |
República Dominicana |
| 651 #4 - ENCABEZAMIENTO DE MATERIA--NOMBRE GEOGRÁFICO |
| Nombre geográfico |
República Dominicana |
| Subdivisión temática general |
Emigración E Inmigración |
| 651 #4 - ENCABEZAMIENTO DE MATERIA--NOMBRE GEOGRÁFICO |
| Nombre geográfico |
Estados Unidos |
| Subdivisión temática general |
Emigración E Inmigración |
| 700 12 - ASIENTO SECUNDARIO -- NOMBRE PERSONAL |
| Nombre personal |
Guarnizo, Luis |
| 700 1# - ASIENTO SECUNDARIO -- NOMBRE PERSONAL |
| Nombre personal |
Bueno, Rosa Inés, |
| Mención de responsabilidad |
traducción |
| 710 2# - ASIENTO SECUNDARIO -- NOMBRE CORPORATIVO |
| Nombre corporativo o de jurisdicción |
Facultad Latinoamericana de Ciencias Sociales (República Dominicana) |
| 910 ## - VALIDACIÓN |
| Validación |
VMateo V./Validado |
| 942 ## - ADDED ENTRY ELEMENTS (KOHA) |
| Source of classification or shelving scheme |
Dewey Decimal Classification |
| Koha item type |
Libros |